[Event "Online Olym Div4 D"]
[Site "Chess.com INT"]
[Date "2020.07.31"]
[Round "2.3"]
[White "Paulo, Jemima"]
[Black "Marcos, Taqesyah"]
[Result "0-1"]
[WhiteElo "1599"]
[BlackElo "1493"]
[PlyCount "56"]
[EventDate "2020.07.31"]
[EventType "team-tourn (rapid)"]
[EventRounds "9"]
[EventCountry "USA"]
[SourceTitle "CBM 198"]
[Source "ChessBase"]
[SourceDate "2020.10.31"]
[SourceVersion "1"]
[SourceVersionDate "2020.10.31"]
[SourceQuality "1"]
[WhiteTeam "Angola"]
[BlackTeam "Netherlands Antilles"]
[WhiteTeamCountry "ANG"]
[BlackTeamCountry "AHO"]

1. c4 e5 2. Nc3 Nc6 3. g3 b6 4. Nf3 Bb7 5. Bg2 d6 6. d3 Nf6 7. 0-0 Be7 8. Be3 Nd4 9. Nxd4 Bxg2 10. Kxg2 exd4 11. Bxd4 0-0 12. e4 Qd7 13. Nd5 Nxd5 14. cxd5 Rac8 15. f4 c6 16. dxc6 Rxc6 17. f5 f6 18. Rf4 d5 19. Qb3 Kh8 20. exd5 Rd6 21. Re1 Rxd5 22. Rxe7 Qxe7 23. Qxd5 Qe2+ 24. Bf2 Qxb2 25. Re4 Qd2 26. Re7 Qh6 27. Rxa7 Rc8 28. Qb7 Rg8 0-1

[Event "Africa-ch U12 Girls"]
[Site "Windhoek"]
[Date "2019.12.19"]
[Round "5.2"]
[White "Paulo, Jemima"]
[Black "Boshoma, Chisomo"]
[Result "0-1"]
[WhiteElo "1459"]
[BlackElo "1367"]
[PlyCount "104"]
[EventDate "2019.12.16"]
[EventType "swiss"]
[EventRounds "9"]
[EventCountry "NAM"]
[SourceTitle "EXT 2024"]
[Source "ChessBase"]
[SourceDate "2023.10.10"]
[SourceVersion "1"]
[SourceVersionDate "2023.10.10"]
[SourceQuality "1"]

1. Nf3 d5 2. d4 c6 3. Bf4 e6 4. e3 Nf6 5. Bd3 Nbd7 6. Nbd2 Be7 7. c3 0-0 8. Bg3 b6 9. Ne5 Bb7 10. f4 c5 11. 0-0 c4 12. Bc2 b5 13. f5 a5 14. Rf4 Ra6 15. Qe2 Rb6 16. Raf1 b4 17. Ndf3 Nh5 18. Rh4 Nxg3 19. hxg3 Bxh4 20. Nxh4 Nf6 21. Nhf3 bxc3 22. bxc3 Rb2 23. fxe6 fxe6 24. Bxh7+ Nxh7 25. Qxb2 Bc8 26. Qc2 Qf6 27. Qg6 Qxg6 28. Nxg6 Rf7 29. Nfe5 Rxf1+ 30. Kxf1 Bb7 31. Nf4 Ng5 32. Ne2 Ne4 33. Nd7 Kf7 34. Nc5 Nxc5 35. dxc5 e5 36. Kf2 Ke6 37. g4 Kd7 38. Ng3 g6 39. e4 d4 40. cxd4 exd4 41. Ne2 d3 42. Nd4 Bxe4 43. g5 c3 44. Ke3 d2 45. Ke2 Bd3+ 46. Kd1 a4 47. a3 Bc4 48. c6+ Kc7 49. Nb5+ Bxb5 50. g3 Kxc6 51. g4 Kc5 52. Kc2 Be2 0-1